[Event "BL 2324 MSA Zugzwang - SC Ötigheim"]
[Site "?"]
[Date "2024.01.14"]
[Round "6.2"]
[White "Shengelia, David"]
[Black "Lagarde, Maxime"]
[Result "1/2-1/2"]
[WhiteElo "2489"]
[BlackElo "2642"]
[PlyCount "112"]
[EventDate "2024.??.??"]

1. d4 Nf6 2. c4 e6 3. Nf3 b6 4. e3 Bb7 5. Bd3 Bb4+ 6. Nbd2 O-O 7. O-O d5 8. a3 Be7 9. cxd5 exd5 10. b4 Nbd7 11. Bb2 Bd6 12. Rc1 Qe7 13. b5 a6 14. a4 axb5 15. axb5 Ne4 16. Qc2 Rfe8 17. Ra1 h5 18. Rxa8 Rxa8 19. Ra1 Qe8 20. Rxa8 Qxa8 21. Ne5 Bxe5 22. dxe5 Ndc5 23. Nxe4 dxe4 24. Bf1 Bd5 25. Qd1 Qa2 26. Bd4 Ne6 27. Qxh5 Bc4 28. Qd1 Bxf1 29. Qxf1 Nxd4 30. exd4 Qb2 31. Qd1 Qxb5 32. d5 Kf8 33. h4 Qc5 34. d6 cxd6 35. exd6 Ke8 36. Qa4+ Kd8 37. Qa8+ Kd7 38. Qb7+ Kxd6 39. Qxf7 Qe5 40. h5 e3 41. Qg6+ Ke7 42. fxe3 Qxe3+ 43. Kf1 Qf4+ 44. Ke2 Qf6 45. Qe4+ Qe6 46. Kf3 Qxe4+ 47. Kxe4 Kf6 48. Kf4 b5 49. g4 b4 50. g5+ Ke6 51. Ke4 b3 52. Kd3 Kf5 53. h6 gxh6 54. gxh6 Kg6 55. Kc3 b2 56. Kxb2 Kxh6 1/2-1/2

[Event "BL 2324 MSA Zugzwang - SC Ötigheim"]
[Site "?"]
[Date "2024.01.14"]
[Round "6.4"]
[White "Kindermann, Stefan"]
[Black "Cornette, Matthieu"]
[Result "1/2-1/2"]
[WhiteElo "2438"]
[BlackElo "2581"]
[PlyCount "48"]
[EventDate "2024.??.??"]

1. d4 d5 2. Nf3 Nf6 3. Bf4 c5 4. e3 Nc6 5. Nbd2 Nh5 6. Be5 e6 7. c3 f6 8. Bg3 g6 9. Bd3 cxd4 10. exd4 Be7 11. O-O O-O 12. Re1 Nxg3 13. hxg3 g5 14. b4 a6 15. a4 Rf7 16. b5 axb5 17. axb5 Rxa1 18. Qxa1 Na5 19. g4 b6 20. c4 Bb4 21. Rb1 Bd6 22. Re1 Bb4 23. Rb1 Bd6 24. Re1 Bb4 1/2-1/2

[Event "BL 2324 MSA Zugzwang - SC Ötigheim"]
[Site "?"]
[Date "2024.01.14"]
[Round "6.5"]
[White "Grigoriants, Sergey"]
[Black "Kjartansson, Gudmundur"]
[Result "1/2-1/2"]
[WhiteElo "2543"]
[BlackElo "2452"]
[PlyCount "131"]
[EventDate "2024.??.??"]

1. e4 e5 2. Nf3 Nc6 3. Bb5 a6 4. Ba4 Nf6 5. O-O Be7 6. Re1 b5 7. Bb3 d6 8. c3 O-O 9. h3 Nb8 10. d4 Nbd7 11. c4 c6 12. a3 bxc4 13. Bxc4 Nxe4 14. dxe5 d5 15. Bd3 f5 16. exf6 Bxf6 17. Nc3 Ndc5 18. Nxe4 dxe4 19. Bc4+ Be6 20. Qxd8 Rfxd8 21. Bxe6+ Nxe6 22. Rxe4 Nc5 23. Re1 Rd5 24. Rb1 a5 25. Be3 Nd3 26. Re2 Rb8 27. Rc2 c5 28. Nd2 Rxb2 29. Rbxb2 Bxb2 30. Nc4 Bf6 31. Nxa5 Kf7 32. Nb3 Be7 33. Kf1 c4 34. Rxc4 Bxa3 35. Rc7+ Be7 36. Nd4 Ne5 37. Ra7 Rd7 38. Rxd7 Nxd7 39. Ke2 h5 40. Kf3 Bf6 41. Nb5 Be5 42. Ke4 Ke6 43. Nd4+ Kf7 44. Ne2 g6 45. Kd5 Bb2 46. Bd4 Bxd4 47. Kxd4 Kf6 48. Nc3 Kf5 49. Nd5 g5 50. g3 Ne5 51. Ne3+ Ke6 52. Ke4 Nd7 53. Ng2 Nf6+ 54. Kd4 Kf5 55. f3 Ne8 56. h4 gxh4 57. Nxh4+ Kf6 58. Ng2 Nd6 59. Ne3 Nb5+ 60. Kc5 Na7 61. Nd5+ Kg5 62. f4+ Kf5 63. Ne7+ Kf6 64. Nd5+ Kf5 65. Ne3+ Ke4 66. Nd5 1/2-1/2

[Event "BL 2324 MSA Zugzwang - SC Ötigheim"]
[Site "?"]
[Date "2024.01.14"]
[Round "6.6"]
[White "Hertneck, Gerald"]
[Black "Riehle, Marco"]
[Result "0-1"]
[WhiteElo "2437"]
[BlackElo "2356"]
[PlyCount "87"]
[EventDate "2024.??.??"]

1. d4 d5 2. Nf3 Nf6 3. c4 e6 4. Nc3 c5 5. cxd5 Nxd5 6. e3 cxd4 7. exd4 Nxc3 8. bxc3 Qc7 9. Bb2 Nd7 10. a4 Bd6 11. Bd3 b6 12. O-O Bb7 13. Re1 O-O 14. c4 h6 15. h3 Rac8 16. a5 Rfe8 17. axb6 axb6 18. Rc1 Bf4 19. Rc3 Bxf3 20. gxf3 Qd8 21. Kf1 Qh4 22. Bb1 Nf6 23. Kg2 Qg5+ 24. Kh1 Qh4 25. Kg2 Nh5 26. Rh1 Red8 27. Kf1 Be5 28. Rd3 Bf6 29. Qc2 g6 30. Re3 Bxd4 31. Re4 Qf6 32. Bxd4 Rxd4 33. Rg1 Rcxc4 34. Qxc4 Rxc4 35. Rxc4 Qxf3 36. Be4 Qd1+ 37. Kg2 Nf4+ 38. Kh1 Qe2 39. Rc8+ Kg7 40. Bg2 Qxf2 41. Rcc1 Ne2 42. Rgf1 Ng3+ 43. Kh2 Nxf1+ 44. Rxf1 0-1

[Event "BL 2324 MSA Zugzwang - SC Ötigheim"]
[Site "?"]
[Date "2024.01.14"]
[Round "6.7"]
[White "Georgiev, Kiril"]
[Black "Zysk, Robert"]
[Result "1/2-1/2"]
[WhiteElo "2548"]
[BlackElo "2389"]
[PlyCount "56"]
[EventDate "2024.??.??"]

1. d4 Nf6 2. c4 e6 3. Nc3 d5 4. Nf3 a6 5. c5 b6 6. cxb6 cxb6 7. Bf4 Bd6 8. e3 Bb7 9. Bd3 O-O 10. Rc1 Nc6 11. Bg3 Rc8 12. a3 b5 13. O-O Bxg3 14. hxg3 Qd6 15. Ne2 h6 16. Rc3 b4 17. axb4 Nxb4 18. Ne5 Rxc3 19. Nxc3 Nd7 20. Nxd7 Qxd7 21. Be2 Bc6 22. Qd2 a5 23. Ra1 Ra8 24. Bd1 Qd8 25. Ra3 Qc7 26. Ra1 Qd8 27. Ba4 Rc8 28. Bd1 Ra8 1/2-1/2

[Event "BL 2324 MSA Zugzwang - SC Ötigheim"]
[Site "?"]
[Date "2024.01.14"]
[Round "6.8"]
[White "Zeller, Frank"]
[Black "Heinz, Timothee"]
[Result "1-0"]
[WhiteElo "2335"]
[BlackElo "2372"]
[PlyCount "93"]
[EventDate "2024.??.??"]

1. d4 Nf6 2. c4 e6 3. Nc3 d5 4. Bg5 Be7 5. e3 O-O 6. Nf3 h6 7. Bxf6 Bxf6 8. Rc1 c6 9. Bd3 Nd7 10. O-O dxc4 11. Bxc4 e5 12. h3 exd4 13. exd4 Nb6 14. Bb3 Bf5 15. Re1 a5 16. a3 Re8 17. Rxe8+ Qxe8 18. Qd2 Qd7 19. Re1 a4 20. Ba2 Re8 21. Rxe8+ Qxe8 22. Qf4 Qc8 23. Qd6 Qd8 24. Qc5 Bg6 25. Qb4 Be7 26. Qa5 Bc2 27. Qh5 Bb3 28. Bxb3 axb3 29. Ne5 g6 30. Qf3 Bf6 31. Ne4 Bxe5 32. dxe5 Qd4 33. Nd6 Qd5 34. Qxd5 cxd5 35. Nxb7 Nc4 36. Nc5 Nxa3 37. Nxb3 Nc4 38. f4 Nxb2 39. Kf2 Nc4 40. Ke2 g5 41. Kf3 Kg7 42. Nd4 f6 43. e6 Nd6 44. g4 Kf8 45. f5 Ke7 46. Nc6+ Ke8 47. Nb4 1-0

[Event "BL 2324 USV TU Dresden - OSG Baden-Baden"]
[Site "?"]
[Date "2024.02.03"]
[Round "7.1"]
[White "Vitiugov, Nikita"]
[Black "Nisipeanu, Liviu-Dieter"]
[Result "1-0"]
[WhiteElo "2687"]
[BlackElo "2587"]
[PlyCount "61"]
[EventDate "2024.??.??"]

1. e4 c6 2. d4 d5 3. f3 e6 4. Nc3 Bb4 5. Bd2 Ne7 6. a3 Bxc3 7. Bxc3 b6 8. Qd2 O-O 9. Qf4 dxe4 10. fxe4 f5 11. Qe3 Ba6 12. Bxa6 Nxa6 13. Nf3 fxe4 14. Qxe4 Qd5 15. Qd3 b5 16. O-O Ng6 17. Rae1 Rf6 18. Bd2 Raf8 19. b3 Nc7 20. c4 bxc4 21. bxc4 Qd7 22. Bb4 R8f7 23. Qe3 h6 24. Rf2 Na8 25. Ref1 Rxf3 26. gxf3 Nh4 27. Re1 Nb6 28. Qe4 g5 29. Kh1 Nxc4 30. Qxe6 Qxd4 31. Qxh6 1-0

[Event "BL 2324 USV TU Dresden - OSG Baden-Baden"]
[Site "?"]
[Date "2024.02.03"]
[Round "7.2"]
[White "Bartel, Mateusz"]
[Black "Donchenko, Alexander"]
[Result "1/2-1/2"]
[WhiteElo "2660"]
[BlackElo "2636"]
[PlyCount "191"]
[EventDate "2024.??.??"]

1. e4 c5 2. Nf3 d6 3. Nc3 Nf6 4. d4 cxd4 5. Qxd4 Nc6 6. Bb5 Bd7 7. Bxc6 Bxc6 8. Bg5 e6 9. O-O-O Be7 10. Rhe1 O-O 11. e5 dxe5 12. Nxe5 Qxd4 13. Rxd4 Rfc8 14. Nxc6 Rxc6 15. Ne4 e5 16. Rd3 Rac8 17. Re2 a6 18. Bxf6 Bxf6 19. Rd5 h5 20. c3 Kh7 21. Nxf6+ gxf6 22. f4 exf4 23. Rxh5+ Kg6 24. Rd5 Rc5 25. Rd3 Rh5 26. h3 Re5 27. Rf2 Rc4 28. Rdf3 Rg5 29. b3 Re4 30. Kd2 Rd5+ 31. Kc2 Rde5 32. c4 Kg5 33. g3 fxg3 34. Rxg3+ Kh4 35. Rgf3 Re2+ 36. Rxe2 Rxe2+ 37. Kd3 Re6 38. c5 Kg5 39. Re3 Rc6 40. b4 Rc7 41. Rg3+ Kh4 42. Rf3 Kg5 43. Kc4 f5 44. a4 f4 45. b5 axb5+ 46. axb5 Kf5 47. c6 Ke4 48. Rf1 f3 49. Kc5 bxc6 50. b6 Rc8 51. b7 Rh8 52. Kb6 Ke3 53. Ka7 f5 54. b8=Q Rxb8 55. Kxb8 Ke2 56. Ra1 f2 57. h4 f1=Q 58. Rxf1 Kxf1 59. h5 f4 60. h6 f3 61. h7 f2 62. h8=Q c5 63. Qh1+ Ke2 64. Qe4+ Kf1 65. Qd3+ Kg2 66. Qd5+ Kg1 67. Qg5+ Kh2 68. Qf4+ Kg2 69. Qg4+ Kf1 70. Qh3+ Kg1 71. Qg4+ Kf1 72. Kc7 c4 73. Qd1+ Kg2 74. Qd5+ Kg1 75. Qg5+ Kh2 76. Qf4+ Kg2 77. Qg4+ Kf1 78. Qh3+ Kg1 79. Qg3+ Kf1 80. Kd6 c3 81. Qd3+ Kg2 82. Qe4+ Kg1 83. Qg4+ Kf1 84. Qd1+ Kg2 85. Qd5+ Kg1 86. Qg5+ Kh2 87. Qf4+ Kg2 88. Qg4+ Kf1 89. Ke5 c2 90. Qc4+ Kg1 91. Qg8+ Kf1 92. Qg5 c1=Q 93. Qxc1+ Kg2 94. Qg5+ Kh2 95. Qd2 Kh1 96. Qxf2 1/2-1/2

[Event "BL 2324 HSK Lister Turm - SC Ötigheim"]
[Site "?"]
[Date "2024.02.03"]
[Round "7.8"]
[White "Sreyas Payyappat"]
[Black "Georgiev, Kiril"]
[Result "0-1"]
[WhiteElo "2080"]
[BlackElo "2542"]
[PlyCount "78"]
[EventDate "2024.??.??"]

1. e4 e5 2. Nf3 Nc6 3. Bc4 Nf6 4. d4 exd4 5. e5 d5 6. Bb5 Nd7 7. O-O Be7 8. Bxc6 bxc6 9. Nxd4 Nb8 10. f4 c5 11. Nb5 c6 12. N5c3 g6 13. Ne2 h5 14. c4 a5 15. Nbc3 d4 16. Ne4 h4 17. Qd3 Bf5 18. Qf3 Nd7 19. g4 hxg3 20. N2xg3 Bh3 21. Re1 Kf8 22. Nf2 Be6 23. Qxc6 Bxc4 24. b3 Be6 25. Ba3 a4 26. Nd3 Rc8 27. Qf3 Qb6 28. f5 gxf5 29. Nf4 Qc6 30. Qd3 Rh4 31. Nxe6+ fxe6 32. Rac1 Qd5 33. Qc4 Qxc4 34. Rxc4 Nb6 35. Rc2 Kf7 36. Rec1 axb3 37. axb3 Nd5 38. Bxc5 d3 39. Bxe7 Rxc2 0-1

[Event "BL 2324 SC Viernheim - MSA Zugzwang"]
[Site "?"]
[Date "2024.02.03"]
[Round "7.2"]
[White "Mamedyarov, Shakhriyar"]
[Black "Shengelia, David"]
[Result "1-0"]
[WhiteElo "2722"]
[BlackElo "2480"]
[PlyCount "149"]
[EventDate "2024.??.??"]

1. c4 Nf6 2. Nc3 e6 3. e4 d5 4. e5 d4 5. exf6 dxc3 6. fxg7 cxd2+ 7. Bxd2 Bxg7 8. Nf3 Nc6 9. Qb3 Nd4 10. Nxd4 Qxd4 11. Bc3 Qe4+ 12. Be2 e5 13. f3 Qe3 14. Qc2 Be6 15. Bd2 Qc5 16. b4 Qd4 17. Rd1 Qh4+ 18. g3 Qh3 19. Bf1 Qh5 20. Bg2 O-O 21. O-O Qg6 22. Qc1 Rfd8 23. Be3 Bf8 24. a3 a5 25. Rxd8 Rxd8 26. bxa5 Qd3 27. c5 Qc4 28. Qxc4 Bxc4 29. Rc1 Bb5 30. c6 bxc6 31. a4 Bxa4 32. a6 Ra8 33. a7 c5 34. Rb1 Kg7 35. Rb8 Bc6 36. Rxa8 Bxa8 37. f4 e4 38. Bf1 Kf6 39. Bc4 Bd6 40. Kf2 Kg6 41. Ke2 f5 42. Kd2 Kf6 43. Kc3 h6 44. Kb3 Ke7 45. Bg8 Bb7 46. Ka4 c6 47. h3 Kd7 48. Bh7 Ke6 49. Kb3 Be7 50. Ka4 Kd5 51. Bxf5 Bf6 52. Bc8 Ba8 53. f5 Bd4 54. Be6+ Ke5 55. Bf4+ Kf6 56. g4 c4 57. Bxh6 c3 58. Kb3 e3 59. Bf4 e2 60. g5+ Ke7 61. Bg3 Be3 62. g6 Kf6 63. Kxc3 Bxa7 64. Kd2 Bd4 65. Kxe2 c5 66. Bh4+ Kg7 67. Bg5 Be4 68. h4 c4 69. h5 c3 70. h6+ Kh8 71. Be3 Bf6 72. g7+ Bxg7 73. hxg7+ Kxg7 74. Bd4+ Kh6 75. Bxc3 1-0

[Event "BL 2324 SG Solingen - SK Doppelbauer Tur"]
[Site "?"]
[Date "2024.02.03"]
[Round "7.1"]
[White "Cheparinov, Ivan"]
[Black "Harikrishna, Pentala"]
[Result "1-0"]
[WhiteElo "2634"]
[BlackElo "2708"]
[PlyCount "99"]
[EventDate "2024.??.??"]

1. e4 e5 2. Nf3 Nc6 3. Bb5 Nf6 4. O-O Nxe4 5. d4 Nd6 6. Bxc6 dxc6 7. dxe5 Nf5 8. Qxd8+ Kxd8 9. Nc3 Ne7 10. h3 h6 11. Bf4 Ng6 12. Rad1+ Ke8 13. Bg3 Bb4 14. Nd4 Bxc3 15. bxc3 Be6 16. f4 Bxa2 17. e6 Ne7 18. f5 Bc4 19. Rfe1 Nd5 20. Nf3 f6 21. Nd2 b5 22. Nxc4 bxc4 23. Rd4 g6 24. Rxc4 gxf5 25. Rxc6 Rg8 26. Bf2 Rg7 27. Bd4 f4 28. Kf2 a5 29. Rb1 a4 30. c4 Ne7 31. Rxc7 Nf5 32. Rxg7 Nxg7 33. Rb6 a3 34. Bxf6 Nh5 35. Ba1 Rc8 36. Kf3 Ke7 37. Rb5 Ng3 38. Kxf4 Rg8 39. Ra5 Kxe6 40. Ra6+ Kd7 41. Rxh6 Nf1 42. g4 Rc8 43. Ra6 Rxc4+ 44. Kg5 Rxc2 45. Rxa3 Nd2 46. Kh5 Ne4 47. g5 Rc5 48. h4 Ke6 49. Re3 Kf5 50. Rxe4 1-0

[Event "BL 2324 OSG Baden-Baden - HSK Lister Tur"]
[Site "?"]
[Date "2024.02.04"]
[Round "8.2"]
[White "Donchenko, Alexander"]
[Black "Abel, Dennes"]
[Result "1/2-1/2"]
[WhiteElo "2636"]
[BlackElo "2422"]
[PlyCount "89"]
[EventDate "2024.??.??"]

1. d4 Nf6 2. c4 g6 3. Nc3 Bg7 4. e4 d6 5. Be2 O-O 6. Nf3 Nbd7 7. O-O e5 8. Be3 Qe7 9. Qc2 c6 10. Rad1 h6 11. dxe5 dxe5 12. a3 Nh5 13. Qc1 Nf4 14. Bxf4 exf4 15. Qxf4 Re8 16. Rfe1 h5 17. Qe3 Nc5 18. Nd4 Nxe4 19. Bf3 Nxc3 20. Qxc3 Be6 21. Qc1 Bxd4 22. Rxd4 Rad8 23. Qc3 Rxd4 24. Qxd4 a6 25. h4 Rd8 26. Qf4 Qc5 27. Rxe6 fxe6 28. Qf6 Rf8 29. Qxg6+ Kh8 30. Qh6+ Kg8 31. Qxe6+ Kg7 32. b4 Qf5 33. Qe2 Qf4 34. Bxh5 Qc1+ 35. Kh2 Qf4+ 36. Kh3 Qf5+ 37. Bg4 Qxf2 38. Qe7+ Qf7 39. Qc5 Qf6 40. h5 Rf7 41. b5 cxb5 42. cxb5 b6 43. Qc4 axb5 44. Qxb5 Re7 45. a4 1/2-1/2

[Event "BL 2324 OSG Baden-Baden - HSK Lister Tur"]
[Site "?"]
[Date "2024.02.04"]
[Round "8.3"]
[White "Lammers, Markus"]
[Black "Shirov, Alexei"]
[Result "0-1"]
[WhiteElo "2316"]
[BlackElo "2660"]
[PlyCount "80"]
[EventDate "2024.??.??"]

1. d4 d5 2. c4 c6 3. cxd5 cxd5 4. Nc3 Nf6 5. Nf3 Nc6 6. Bf4 a6 7. e3 Bg4 8. h3 Bxf3 9. Qxf3 Qb6 10. Rb1 e6 11. Qd1 Qa5 12. Qb3 b5 13. Bd3 Be7 14. O-O O-O 15. Rfc1 Rfc8 16. a4 Nb4 17. Bf1 Ne4 18. Ra1 Nd2 19. Qd1 Nxf1 20. Qxf1 bxa4 21. Rxa4 Qb6 22. Qe2 Rc4 23. Raa1 Rac8 24. Qd1 Qb7 25. Bg3 g6 26. Qb3 h5 27. Ne2 h4 28. Bf4 Rc2 29. Nc3 Rd2 30. Na2 Rc4 31. Rc3 Qb5 32. Nxb4 Rxb4 33. Rc8+ Kg7 34. Qa3 Rxf2 35. Qxa6 Rf1+ 36. Kh2 Qxa6 37. Rxa6 Rxb2 38. Be5+ Bf6 39. Bxf6+ Kxf6 40. Rh8 Kg5 0-1

[Event "BL 2324 OSG Baden-Baden - HSK Lister Tur"]
[Site "?"]
[Date "2024.02.04"]
[Round "8.4"]
[White "Wojtaszek, Radoslaw"]
[Black "Schulze, Torben"]
[Result "1-0"]
[WhiteElo "2666"]
[BlackElo "2328"]
[PlyCount "83"]
[EventDate "2024.??.??"]

1. d4 Nf6 2. c4 c5 3. d5 e6 4. Nc3 exd5 5. cxd5 d6 6. Nf3 g6 7. Bf4 a6 8. a4 Bg7 9. h3 O-O 10. e3 Ne8 11. Be2 b6 12. O-O Nd7 13. e4 Ne5 14. Nxe5 Bxe5 15. Qd2 Ra7 16. Rae1 f5 17. Bxe5 dxe5 18. f4 Re7 19. exf5 gxf5 20. fxe5 Rxe5 21. Qf4 Qf6 22. Bd3 Rxe1 23. Rxe1 Nd6 24. Kh1 Re8 25. Rxe8+ Nxe8 26. Qb8 Qg5 27. Kh2 Qe3 28. Be2 Bd7 29. Qg3+ Qxg3+ 30. Kxg3 Kg7 31. Kf4 Kf6 32. Bxa6 Nd6 33. b3 h6 34. Bd3 Be8 35. g3 Bd7 36. h4 Be8 37. Bxf5 Nxf5 38. Ne4+ Kg6 39. h5+ Kxh5 40. Kxf5 Bg6+ 41. Kf4 b5 42. Nf6# 1-0

[Event "BL 2324 OSG Baden-Baden - HSK Lister Tur"]
[Site "?"]
[Date "2024.02.04"]
[Round "8.5"]
[White "Hoeffer, David"]
[Black "Kasimdzhanov, Rustam"]
[Result "1/2-1/2"]
[WhiteElo "2312"]
[BlackElo "2687"]
[PlyCount "40"]
[EventDate "2024.??.??"]

1. d4 Nf6 2. Nc3 d5 3. Bf4 e6 4. Nb5 Na6 5. e3 Ne4 6. f3 Nd6 7. Nxd6+ Bxd6 8. Bxa6 Bxf4 9. Bb5+ c6 10. Bxc6+ bxc6 11. exf4 Qb6 12. b3 Ba6 13. Ne2 O-O 14. c3 c5 15. dxc5 Qxc5 16. Qd4 Qa3 17. Qd2 Bxe2 18. Kxe2 Rac8 19. Rhc1 Rc6 20. Rc2 Rfc8 1/2-1/2

[Event "BL 2324 OSG Baden-Baden - HSK Lister Tur"]
[Site "?"]
[Date "2024.02.04"]
[Round "8.6"]
[White "Adams, Michael"]
[Black "Hampel, Felix"]
[Result "1-0"]
[WhiteElo "2673"]
[BlackElo "2311"]
[PlyCount "101"]
[EventDate "2024.??.??"]

1. e4 c5 2. Nf3 e6 3. d4 cxd4 4. Nxd4 Nc6 5. Nc3 Qc7 6. Qd3 Nf6 7. Ndb5 Qb8 8. Qg3 d6 9. Be3 a6 10. Nd4 h5 11. f3 Bd7 12. O-O-O b5 13. Nxc6 Bxc6 14. Kb1 b4 15. Ne2 e5 16. Nc1 a5 17. Bc4 a4 18. Qe1 Qb7 19. Nd3 Rb8 20. Bd2 Bb5 21. Bxb5+ Qxb5 22. Bxb4 Be7 23. Rc1 Qc4 24. a3 Rc8 25. Qd2 Qe6 26. c3 O-O 27. Qc2 Ra8 28. Rhe1 Rfc8 29. Rcd1 Bf8 30. Nf2 d5 31. Bxf8 Kxf8 32. Qd2 dxe4 33. Nxe4 Ra6 34. Nxf6 Qxf6 35. Re4 Qg6 36. Ka1 f6 37. Rb4 Rca8 38. Rb7 Kg8 39. Qf2 Re6 40. Rdd7 e4 41. fxe4 Rxe4 42. Ka2 Rg4 43. Qf3 Ra5 44. g3 Re5 45. Rb8+ Re8 46. Qd5+ Kh7 47. Rxe8 Qxe8 48. c4 Rxc4 49. Rd8 Qe2 50. Qf5+ g6 51. Qxf6 1-0

[Event "BL 2324 OSG Baden-Baden - HSK Lister Tur"]
[Site "?"]
[Date "2024.02.04"]
[Round "8.7"]
[White "Voege, Tobias"]
[Black "Bacrot, Etienne"]
[Result "1/2-1/2"]
[WhiteElo "2286"]
[BlackElo "2683"]
[PlyCount "93"]
[EventDate "2024.??.??"]

1. d4 Nf6 2. c4 e6 3. Nf3 Bb4+ 4. Bd2 c5 5. e3 O-O 6. Bd3 Bxd2+ 7. Qxd2 cxd4 8. exd4 b6 9. O-O Bb7 10. Qf4 d5 11. Nbd2 dxc4 12. Nxc4 Nc6 13. a3 Ne7 14. Nce5 Qd6 15. Rad1 Rad8 16. Rfe1 h6 17. Qh4 Rc8 18. h3 Rc7 19. Nh2 Qd5 20. f3 Rfc8 21. Qf4 Qd8 22. Bb1 Bc6 23. Rc1 Bb5 24. Rxc7 Rxc7 25. Nhg4 Ned5 26. Qg3 Nxg4 27. Nxg4 Qg5 28. Be4 Qf4 29. Qf2 Rc1 30. Rxc1 Qxc1+ 31. Kh2 Nf4 32. Qh4 Qc7 33. Qg3 Kf8 34. Ne5 g5 35. h4 Qd8 36. hxg5 hxg5 37. Bc6 Bxc6 38. Nxc6 Qf6 39. Qe1 a5 40. Ne5 Kg7 41. Qe4 Nd5 42. g3 Qd8 43. Ng4 Qc8 44. Ne3 Nxe3 45. Qxe3 Qc2+ 46. Kh3 Kg6 47. b3 1/2-1/2

[Event "BL 2324 SC Ötigheim - USV TU Dresden"]
[Site "?"]
[Date "2024.02.04"]
[Round "8.2"]
[White "Motylev, Alexander"]
[Black "Bartel, Mateusz"]
[Result "1/2-1/2"]
[WhiteElo "2615"]
[BlackElo "2660"]
[PlyCount "70"]
[EventDate "2024.??.??"]

1. e4 e6 2. d4 d5 3. Nc3 Bb4 4. exd5 exd5 5. Bd3 Ne7 6. Qh5 c5 7. dxc5 Nd7 8. Nf3 Nxc5 9. Bb5+ Bd7 10. Ne5 O-O 11. Nxd7 Nxd7 12. O-O Nf6 13. Qf3 Rc8 14. Ne2 Qb6 15. Bd3 Ng6 16. c3 Ne5 17. Qh3 Nxd3 18. Qxd3 Bc5 19. b4 Bd6 20. Bg5 Be5 21. Bxf6 Bxf6 22. Qxd5 Rfe8 23. Qf3 Qc6 24. Qxc6 Rxc6 25. Rfe1 Kf8 26. Kf1 Bxc3 27. Nxc3 Rxc3 28. Rec1 Rec8 29. Rd1 Rc2 30. a3 g6 31. Rd3 R8c3 32. Rad1 b5 33. g3 a6 34. Rd8+ Kg7 35. R1d3 Rxd3 1/2-1/2

[Event "BL 2324 FC Bayern München - SC Viernhei"]
[Site "?"]
[Date "2024.02.04"]
[Round "8.2"]
[White "Huschenbeth, Niclas"]
[Black "Mamedyarov, Shakhriyar"]
[Result "0-1"]
[WhiteElo "2618"]
[BlackElo "2722"]
[PlyCount "76"]
[EventDate "2024.??.??"]

1. e4 e5 2. Nf3 Nc6 3. Bb5 a6 4. Ba4 Bc5 5. O-O Nge7 6. c3 Ng6 7. d4 Ba7 8. Re1 O-O 9. Be3 Qf6 10. Bxc6 dxc6 11. Nxe5 Nxe5 12. dxe5 Qxe5 13. Bxa7 Rxa7 14. Nd2 Rd8 15. Qe2 Ra8 16. Nb3 Be6 17. Rad1 h6 18. Nd4 Bd7 19. Rd2 c5 20. Nf3 Qe7 21. Red1 Be6 22. Rxd8+ Rxd8 23. Rxd8+ Qxd8 24. a3 a5 25. h3 b6 26. Qd2 Qe8 27. Qf4 Qb5 28. Qd2 Qe8 29. Qf4 Qc6 30. Qe3 Kf8 31. Qd3 Ke7 32. Ne5 Qd6 33. f4 g5 34. Qxd6+ cxd6 35. Nd3 Bc4 36. Nf2 gxf4 37. Ng4 h5 38. Nf2 Ke6 0-1

[Event "BL 2324 MSA Zugzwang - Schachfreunde Dei"]
[Site "?"]
[Date "2024.02.04"]
[Round "8.1"]
[White "Bluebaum, Matthias"]
[Black "Eljanov, Pavel"]
[Result "1/2-1/2"]
[WhiteElo "2658"]
[BlackElo "2699"]
[PlyCount "91"]
[EventDate "2024.??.??"]

1. Nf3 d5 2. e3 c5 3. b3 Nf6 4. Bb2 e6 5. d4 Nc6 6. Nbd2 Bd6 7. dxc5 Bxc5 8. a3 a5 9. Bd3 O-O 10. O-O b6 11. Qe2 Bb7 12. Rfd1 Qe7 13. c4 Rad8 14. cxd5 exd5 15. Nf1 Ne4 16. Ng3 Nxg3 17. hxg3 Bc8 18. Qc2 g6 19. Bb5 Na7 20. Be2 Nc6 21. Qc3 f6 22. Rd2 Be6 23. Rad1 Kg7 24. Qc1 h5 25. Bb5 Na7 26. Bd3 Nc6 27. Nh4 Bf7 28. Qb1 Qe8 29. Bb5 Qe6 30. Nf3 Ne5 31. Be2 Qe7 32. Nxe5 fxe5 33. b4 axb4 34. axb4 Bxb4 35. Bxe5+ Qxe5 36. Qxb4 Qd6 37. Qd4+ Qf6 38. Bf3 Rd6 39. Qb4 Rc6 40. Kh2 Rc4 41. Qb2 Rc5 42. Rb1 Rb8 43. Rd4 Rc4 44. Rd2 Rc5 45. Rd4 Rc4 46. Rd2 1/2-1/2

[Event "BL 2324 SK Doppelbauer Turm Kiel - SV MÃ"]
[Site "?"]
[Date "2024.02.04"]
[Round "8.1"]
[White "Navara, David"]
[Black "Cheparinov, Ivan"]
[Result "1/2-1/2"]
[WhiteElo "2667"]
[BlackElo "2634"]
[PlyCount "104"]
[EventDate "2024.??.??"]

1. Nf3 d5 2. g3 g6 3. Bg2 Bg7 4. d4 Nf6 5. O-O O-O 6. c4 c6 7. Qb3 Qb6 8. Nc3 Rd8 9. Na4 Qxb3 10. axb3 Na6 11. Bf4 Bf5 12. Rfc1 h6 13. h4 e6 14. Be5 Nd7 15. Bxg7 Kxg7 16. cxd5 exd5 17. Nc5 Naxc5 18. dxc5 Be4 19. Nd4 Bxg2 20. Kxg2 h5 21. b4 a6 22. Rc3 Re8 23. f3 Rac8 24. Kf2 Re7 25. Raa3 Rce8 26. Re3 Ne5 27. Rac3 f6 28. Kg2 Kf7 29. b3 Kf8 30. Rc1 Kf7 31. Kf1 Kf8 32. Ke1 Kf7 33. Kd1 Kf8 34. Kc2 Kf7 35. Rg1 Kf8 36. Kc3 Kf7 37. Rh1 Kf8 38. Nc2 Kf7 39. Kd4 Kf8 40. Rh2 Kf7 41. Na3 Kf8 42. Nb1 Kf7 43. Nc3 Kg7 44. Rh1 Kf7 45. Rh3 Kg7 46. Rh2 Kf7 47. Na4 Kg7 48. Nb6 Kf8 49. Rh1 Nf7 50. Rxe7 Kxe7 51. Re1 Nh6 52. e4 Kf7 1/2-1/2

[Event "BL 2324 Hamburger SK - SG Solingen"]
[Site "?"]
[Date "2024.02.04"]
[Round "8.6"]
[White "Ftacnik, Lubomir"]
[Black "Smeets, Jan"]
[Result "0-1"]
[WhiteElo "2445"]
[BlackElo "2542"]
[PlyCount "100"]
[EventDate "2024.??.??"]

1. Nf3 d5 2. d4 Nf6 3. c4 c6 4. Nc3 dxc4 5. a4 Bf5 6. Ne5 e6 7. f3 Bb4 8. Nxc4 O-O 9. Bg5 h6 10. Bh4 c5 11. dxc5 Qxd1+ 12. Rxd1 Bc2 13. Rd2 Bb3 14. e4 Nbd7 15. Bf2 Bxc4 16. Bxc4 Rfc8 17. Ke2 Bxc3 18. bxc3 Nxc5 19. Bxc5 Rxc5 20. Bd3 Rxc3 21. Rb1 Rb8 22. Rdb2 Rd8 23. Rd2 Rc7 24. Bb5 Rxd2+ 25. Kxd2 Kf8 26. Bd3 Ke7 27. f4 Nd7 28. g3 Kd8 29. h4 Kc8 30. e5 h5 31. Rb4 g6 32. Be2 Nb6 33. g4 hxg4 34. Bxg4 Nd5 35. Rd4 Rd7 36. Rc4+ Kd8 37. Ke2 Rc7 38. Rd4 Rc2+ 39. Kf3 Ke7 40. h5 f5 41. exf6+ Nxf6 42. Bh3 Rc3+ 43. Kg2 gxh5 44. Rb4 b6 45. a5 Nd5 46. Re4 Re3 47. Rxe3 Nxe3+ 48. Kf3 Nd5 49. axb6 Nxb6 50. Ke4 Kf6 0-1

[Event "BL 2324 SV Werder Bremen - SK Kirchweyhe"]
[Site "?"]
[Date "2024.02.23"]
[Round "9.1"]
[White "Kadric, Denis"]
[Black "Shevchenko, Kirill"]
[Result "0-1"]
[WhiteElo "2586"]
[BlackElo "2661"]
[PlyCount "56"]
[EventDate "2024.??.??"]

1. e4 c5 2. Nf3 d6 3. d4 cxd4 4. Nxd4 Nf6 5. Nc3 Nc6 6. Bc4 e6 7. Be3 Bd7 8. Bb3 Nxd4 9. Qxd4 Be7 10. O-O-O O-O 11. f4 b5 12. a3 a5 13. e5 Ng4 14. exd6 Bf6 15. Qb6 b4 16. Ne4 a4 17. Ba2 b3 18. Bb1 bxc2 19. Bxc2 Bxb2+ 20. Qxb2 Nxe3 21. Rd3 Nxc2 22. Qxc2 Rc8 23. Rc3 Rxc3 24. Nxc3 Qb6 25. Rd1 Rc8 26. g3 Qc5 27. Kb2 Rb8+ 28. Ka1 Rb3 0-1

[Event "BL 2324 SV Werder Bremen - SK Kirchweyhe"]
[Site "?"]
[Date "2024.02.23"]
[Round "9.2"]
[White "Ivic, Velimir"]
[Black "Brkic, Ante"]
[Result "1/2-1/2"]
[WhiteElo "2567"]
[BlackElo "2638"]
[PlyCount "71"]
[EventDate "2024.??.??"]

1. e4 c5 2. Nf3 d6 3. d4 cxd4 4. Nxd4 Nf6 5. Nc3 a6 6. Bc4 e6 7. Be3 b5 8. Bb3 Be7 9. a3 O-O 10. Qe2 Bb7 11. f3 Nc6 12. O-O-O b4 13. Nxc6 Bxc6 14. axb4 Qb8 15. Rd4 Ne8 16. Rhd1 Bf6 17. Rc4 Qb7 18. Qd2 Bb5 19. Rd4 Bxd4 20. Bxd4 a5 21. e5 axb4 22. Nb1 Ba4 23. Bxa4 Rxa4 24. exd6 Ra5 25. d7 Rd5 26. dxe8=Q Rxe8 27. Qf2 Rc8 28. Be3 Rxd1+ 29. Kxd1 b3 30. c3 Qa6 31. Qe2 Rd8+ 32. Bd2 Qa7 33. Qe1 Qa6 34. Qe2 Qa7 35. Qe1 Qa6 36. Qe2 1/2-1/2

[Event "BL 2324 SV Werder Bremen - SK Kirchweyhe"]
[Site "?"]
[Date "2024.02.23"]
[Round "9.4"]
[White "Areshchenko, Alexander"]
[Black "Markus, Robert"]
[Result "1/2-1/2"]
[WhiteElo "2616"]
[BlackElo "2600"]
[PlyCount "69"]
[EventDate "2024.??.??"]

1. e4 d6 2. d4 Nf6 3. Nc3 e5 4. Nf3 Nbd7 5. Bc4 Be7 6. a4 O-O 7. O-O exd4 8. Qxd4 Nc5 9. Re1 Bg4 10. Nd2 c6 11. Nf1 Re8 12. Ng3 Be6 13. Bf1 a5 14. b3 d5 15. exd5 Nxd5 16. Nxd5 Qxd5 17. Qxd5 Bxd5 18. Ba3 Bf8 19. Nf5 Be4 20. Ne3 Ne6 21. Bxf8 Kxf8 22. Rad1 Rad8 23. f3 Bg6 24. Kf2 Ke7 25. h4 h6 26. Bc4 Rxd1 27. Rxd1 Nc5 28. g4 Bh7 29. Rd2 g5 30. h5 Rf8 31. Be2 f5 32. Ke1 fxg4 33. fxg4 Ne4 34. Rd4 Nd6 35. Bd3 1/2-1/2